Catálogo

Vista normal Vista MARC

Entrada Personal Name

Número de registros utilizados en: 1

001 - CONTROL NUMBER

  • control field: 1600

003 - CONTROL NUMBER IDENTIFIER

  • control field: DLC

005 - DATE AND TIME OF LATEST TRANSACTION

  • control field: 20250714120955.0

008 - FIXED-LENGTH DATA ELEMENTS

  • fixed length control field: 060616n| azannaabn |a aaa

010 ## - LIBRARY OF CONGRESS CONTROL NUMBER

  • LC control number: n 2006047511

035 ## - SYSTEM CONTROL NUMBER

  • System control number: (CaEvSKY)skya7830472

035 ## - SYSTEM CONTROL NUMBER

  • System control number: (OCoLC)oca06971635

040 ## - CATALOGING SOURCE

  • Original cataloging agency: DLC
  • Language of cataloging: spa
  • Description conventions: rda
  • Transcribing agency: Mx-PuUPA
  • Modifying agency: MX-SnUAN
  • Modifying agency: MX-SIUA
  • Modifying agency: HU
  • Modifying agency: Mx-PuUPA

100 1# - HEADING--PERSONAL NAME

  • Personal name: Barceló Rojas, Daniel Armando,

370 ## - ASSOCIATED PLACE

  • Place of birth: México
  • Source of term: naf

372 ## - FIELD OF ACTIVITY

  • Field of activity: Derecho
  • Source of term: lcsh

373 ## - ASSOCIATED GROUP

  • Associated group: Universidad Nacional Autónoma de México. Instituto de Investigaciones Jurídicas
  • Source of term: naf

374 ## - OCCUPATION

  • Occupation: Profesor de derecho
  • Source of term: lcsh

374 ## - OCCUPATION

  • Occupation: Autor

375 ## - GENDER

  • Gender: hombre
  • Source of term: lcdgt

377 ## - ASSOCIATED LANGUAGE

  • Language code: spa

400 1# - SEE FROM TRACING--PERSONAL NAME

  • Personal name: Barceló, Daniel

400 1# - SEE FROM TRACING--PERSONAL NAME

  • Personal name: Barceló Rojas, Daniel

400 1# - SEE FROM TRACING--PERSONAL NAME

  • Personal name: Barceló Rojas, Daniel A.
  • Fuller form of name: (Daniel Armando)

400 1# - SEE FROM TRACING--PERSONAL NAME

  • Personal name: Rojas, Daniel Armando Barceló

400 1# - SEE FROM TRACING--PERSONAL NAME

  • Personal name: Rojas, Daniel Barceló

670 ## - SOURCE DATA FOUND

  • Source citation: Barceló Rojas, Daniel Armando. Introducción al derecho constitucional estatal estadounidense, 2005:
  • Information found: t.p. (Daniel Armando Barceló Rojas)

670 ## - SOURCE DATA FOUND

  • Source citation: Samaniego Santamaría, Luis Gerardo. Quintana Roo, 2010:
  • Information found: t.p. (coord. Daniel Barceló)

670 ## - SOURCE DATA FOUND

  • Source citation: Memoria del seminario internacional, 2013:
  • Information found: t.p. (coord. Daniel Barceló Rojas) p. 171 (Daniel A. Barceló Rojas. ...actualmente se desempeña como profesor-investigador en el Instituto de Investigaciones Jurídicas de la UNAM)